000 01948nam a2200421 i 4500
001 118442
003 FINmELB
005 20241217174952.0
006 m o u
007 cr cn|||||||||
008 220131s2016 mx fob 000 0 spa d
020 _z9786074628159
020 _a9786074629606
_q(e-book)
035 _a(OCoLC)1298601979
040 _aFINmELB
_bspa
_erda
_cFINmELB
050 4 _aPQ6324.Z5
_bN684 2016
082 0 4 _a863.3
_223
245 0 4 _aLas Novelas ejemplares :
_btexto y contexto (1613-2013) /
_cAurelio González, Nieves Rodríguez Valle, editores.
250 _aPrimera edición.
264 1 _aMéxico, D.F. :
_bEl Colegio de México, Centro de Estudios Lingüísticos y Literarios, Cátedra Jaime Torres Bodet,
_c2016.
300 _a1 recurso en línea (398 páginas)
336 _atexto
_btxt
_2rdacontent/spa
337 _acomputadora
_bc
_2rdamedia/spa
338 _arecurso en línea
_bcr
_2rdacarrier/spa
504 _aIncluye referencias bibliográficas.
588 _aDescripción basada en metadatos suministrados por el editor y otras fuentes.
590 _aRecurso electrónico. Santa Fe, Arg.: elibro, 2022. Disponible vía World Wide Web. El acceso puede estar limitado para las bibliotecas afiliadas a elibro.
600 1 4 _aCervantes Saavedra, Miguel de,
_d1547-1616.
_tNovelas ejemplares
_xCrítica textual.
600 1 4 _aCervantes Saavedra, Miguel de,
_d1547-1616
_xCrítica e interpretación.
600 1 4 _aCervantes Saavedra, Miguel de,
_d1547-1616
_xTemas, motivos.
600 1 0 _aCervantes Saavedra, Miguel de,
_d1547-1616.
_tNovelas ejemplares
_xCriticism, Textual.
600 1 0 _aCervantes Saavedra, Miguel de,
_d1547-1616
_xCriticism and interpretation.
655 4 _aLibros electrónicos.
700 1 _aGonzález, Aurelio,
_eeditor.
700 1 _aRodríguez Valle, Nieves,
_eeditor.
797 2 _aelibro, Corp.
856 4 0 _uhttps://elibro.net/ereader/politecnicointernacional/195028
999 _c118442
_d118442